Villes françaises et régions (lettre D) - Statistiques

Statistiques générales
  • Ce quiz a été pris 19 fois
  • Le résultat moyen est 14 sur 25
Statistiques - réponses
Hint Réponse % Correct
Dijon Bourgogne-Franche-Comté
94%
Deauville Normandie
94%
Douarnenez Bretagne
88%
Dunkerque Hauts-de-France
88%
Douai Hauts-de-France
82%
Dax Nouvelle-Aquitaine
82%
Dinan Bretagne
76%
Drancy Île-de-France
76%
Dieppe Normandie
71%
Draguignan Provence-Alpes-Côte-d'Azur
71%
Décines-Charpieu Auvergne-Rhône-Alpes
65%
Dole Bourgogne-Franche-Comté
65%
Dourdan Île-de-France
65%
Digne-les-Bains Provence-Alpes-Côte-d'Azur
65%
Delle Bourgogne-Franche-Comté
41%
Douaumont-Vaux Grand Est
41%
Domrémy-la-Pucelle Grand Est
41%
Donges Pays de la Loire
41%
Die Auvergne-Rhône-Alpes
35%
Decize Bourgogne-Franche-Comté
35%
Dieuze Grand Est
35%
Digoin Bourgogne-Franche-Comté
29%
Dreux Centre-Val-de-Loire
29%
Déols Centre-Val-de-Loire
24%
Dormans Grand Est
6%
Aucun quiz correspondant
Distribution des résultats
% des personnes avec chaque résultat
Percentile par nombre de réponses
Votre historique - résultats
Vous n’avez pas pris ce quiz